000 00384nam a2200133Ia 4500
005 20260326235446.0
008 260326s9999||||xx |||||||||||||| ||und||
100 _aScheller, William
245 0 _aSuccessful Home Greenhouses :
_b Building, stocking and using /
_cWilliam Scheller
260 _bStructures Publishing Company
300 _a133 p.
650 _aINVERNADEROS
942 _cBK
999 _c7584
_d7584